Statistics for Arctic Monkeys Lyrics - The Afternoon's Hat

Click here to take the quiz!

General Stats

  • This quiz has been taken 22 times
  • The average score is 116 of 178

Answer Stats

Lyrics% Correct
a
100%
And
100%
and
100%
The
92%
the
92%
to
92%
ya
92%
You
92%
you
92%
I'm
83%
me
83%
of
83%
on
83%
afternoon
75%
afternoon's
75%
hat
75%
in
75%
kiss
75%
with
75%
at
67%
confines
67%
evening
67%
some
67%
We'll
67%
we'll
67%
when
67%
whisper
67%
ceiling,
58%
direct
58%
find
58%
laughter
58%
Made
58%
something
58%
Together
58%
tongue
58%
unfamiliar
58%
away
50%
by
50%
crawling
50%
hold
50%
place
50%
through
50%
walls
50%
waste
50%
avenues
42%
Couldn't
42%
listen
42%
ripples
42%
stood
42%
taste
42%
confident
33%
Grab
33%
shirtless
33%
silently
33%
swung
33%
their
33%
Their
33%
tradition
33%
Unsugared
33%
violently
33%
fools,
25%
insist
25%
Listening
25%
patterns
25%
rules
25%
wrist
25%
attitudes
17%
tickling
17%
followed
8%
obsessions
8%
Sat
8%
stools
8%
upon
8%

Score Distribution

Percentile by Number Answered

Percent of People with Each Score

Your Score History

You have not taken this quiz